Florence + The Machine Album Songs - Statistics

General Stats
  • This quiz has been taken 397 times
    316 since last reset
  • The average score is 30 of 47
Answer Stats
Lungs % Correct
1 Dog Days Are Over
91%
3 How Big, How Blue, How Beautiful
85%
2 Hunger
85%
2 Shake It Out
83%
2 Rabbit Heart (Raise it Up)
79%
9 Cosmic Love
77%
10 Spectrum
77%
1 Ship To Wreck
74%
2 What Kind of Man
72%
6 Delilah
71%
1 June
71%
7 Patricia
71%
3 What the Water Gave me
70%
8 Seven Devils
69%
5 Kiss With a Fist
68%
8 Between Two Lungs
67%
4 Big God
66%
7 Drumming Song
66%
6 Grace
66%
4 Never Let Me Go
66%
4 Queen of Peace
66%
11 Mother
65%
13 You've Got the Love
65%
1 Only If for a Night
63%
10 St Jude
63%
4 Howl
62%
7 No Light, No Light
62%
3 South London Forever
62%
10 My Boy Builds Coffins
60%
9 Third Eye
59%
8 100 Years
58%
10 No Choir
58%
6 Girl with One Eye
56%
9 Heartlines
56%
5 Sky Full of Song
55%
9 The End of Love
55%
5 Various Storms and Saints
54%
6 Lover to Lover
53%
12 Blinding
51%
5 Breaking Down
51%
11 Hurricane Drunk
51%
11 All This and Heaven Too
49%
3 I'm Not Calling You a Liar
48%
7 Long and Lost
46%
8 Caught
45%
12 Leave My Body
45%
14 Swimming
30%
No matching quizzes found
Score Distribution
Percent of People with Each Score
Percentile by Number Answered
Your Score History
You have not taken this quiz since the last reset